000 00998cam a22003257a 4500
001 15105375
003 Nust
005 20220830122606.0
008 070929s2007 ii a 000 1 eng
010 _a 2007375922
020 _a9788184000542
_cRs. 514
025 _aI-E-2007-375922; 16
035 _a(IN-NdUBS)UBS07002635
037 _bLibrary of Congress -- New Delhi Overseas Office
_cRs395.00
038 _aArshad
040 _aDLC
_cDLC
042 _alcode
082 _a823
_bDEV
100 1 _aDevidayal, Namita,
_d1968-
_912193
245 1 4 _aThe music room /
_cNamita Devidayal.
260 _aNew Delhi :
_bRandom House India,
_c2007.
300 _a310 p. :
_c22 cm.
500 _aNovel.
520 _aBased on the story of a young Hindustani classical musician and singer.
650 _aIndic fiction (English)
_912194
650 _aHindustani music
_912195
906 _a7
_bibc
_corigode
_d4
_encip
_f20
_gy-gencatlg
942 _2ddc
_cBK
999 _c174549
_d174549